2Broke Girls Characters Quiz Stats

 Plays Quiz not verified by Sporcle

Also try: Family Guy Abroad
Challenge
Share
Tweet
Embed
Score 0/13 Timer 07:00
0 Plays Today
% Correct
Han Lee
95.2%
Chestnut
94.8%
Max Black
94.6%
Oleg
94.6%
Sophie
93.2%
Earl
92.6%
Caroline Channing
92.2%
Martin Channing
89%
Brad
81.3%
Johnny
77.8%
Angelina
70.6%
Kashandra
66.4%
Peach
60.4%

You're not logged in!

Compare scores with friends on all Sporcle quizzes.
Join for Free
OR
Log In

You Might Also Like...

Show Comments

Extras

Created Aug 31, 2012ReportNominate
Tags:Clickable Quiz, broke, character, girl

Top Quizzes Today


Score Distribution

Your Account Isn't Verified!

In order to create a playlist on Sporcle, you need to verify the email address you used during registration. Go to your Sporcle Settings to finish the process.

Report this User

Report this user for behavior that violates our Community Guidelines.

Details: